Learning Resource and Development

The care and feeding of healthy kids / (Record no. 19590)

MARC details
000 -LEADER
fixed length control field 00982cam a2200289 a 4500
001 - CONTROL NUMBER
control field carefeedingofhea00sloa
003 - CONTROL NUMBER IDENTIFIER
control field CaSfIA
005 - DATE AND TIME OF LATEST TRANSACTION
control field 20230525154904.0
007 - PHYSICAL DESCRIPTION FIXED FIELD--GENERAL INFORMATION
fixed length control field cr||||
008 - FIXED-LENGTH DATA ELEMENTS--GENERAL INFORMATION
fixed length control field 850319s1985 cou b 000 0 eng
010 ## - LIBRARY OF CONGRESS CONTROL NUMBER
LC control number 85071040
040 ## - CATALOGING SOURCE
Original cataloging agency DLC
Transcribing agency DLC
Modifying agency BTCTA
-- YDXCP
-- CaSfIA
019 ## -
-- 12716623
020 ## - INTERNATIONAL STANDARD BOOK NUMBER
International Standard Book Number 0896361624 (pbk.)
020 ## - INTERNATIONAL STANDARD BOOK NUMBER
International Standard Book Number 9780896361621 (pbk.)
035 ## - SYSTEM CONTROL NUMBER
System control number (OCoLC)12899271
Canceled/invalid control number (OCoLC)12716623
050 00 - LIBRARY OF CONGRESS CALL NUMBER
Classification number RJ206
Item number .S58 1985
082 00 - DEWEY DECIMAL CLASSIFICATION NUMBER
Classification number 649/.3
Edition number 20
100 1# - MAIN ENTRY--PERSONAL NAME
Personal name Sloan, Sara.
245 14 - TITLE STATEMENT
Title The care and feeding of healthy kids /
Medium [electronic resource]
Statement of responsibility, etc. Sara Sloan.
260 ## - PUBLICATION, DISTRIBUTION, ETC.
Place of publication, distribution, etc. Denver, CO :
Name of publisher, distributor, etc. Accent Books,
Date of publication, distribution, etc. c1985.
300 ## - PHYSICAL DESCRIPTION
Extent 192 p. ;
Dimensions 21 cm.
650 #0 - SUBJECT ADDED ENTRY--TOPICAL TERM
Topical term or geographic name entry element Children
General subdivision Nutrition.
650 #0 - SUBJECT ADDED ENTRY--TOPICAL TERM
Topical term or geographic name entry element Child care.
856 41 - ELECTRONIC LOCATION AND ACCESS
Uniform Resource Identifier <a href="http://www.archive.org/details/carefeedingofhea00sloa">http://www.archive.org/details/carefeedingofhea00sloa</a>
Public note Free eBook from the Internet Archive
856 42 - ELECTRONIC LOCATION AND ACCESS
Uniform Resource Identifier <a href="http://www.openlibrary.org/books/OL2557514M">http://www.openlibrary.org/books/OL2557514M</a>
Public note Additional information and access via Open Library
Holdings
Withdrawn status Lost status Damaged status Not for loan Collection Home library Current library Date acquired Total Checkouts Full call number Date last seen Price effective from Koha item type
        Project Gutenberg Main Library Main Library 05/25/2023   RJ206 .S58 1985 05/25/2023 05/25/2023 EBooks